<?xml version="1.0" encoding="UTF-8"?><?xml-stylesheet type="text/xsl" href="static/style.xsl"?><OAI-PMH xmlns="http://www.openarchives.org/OAI/2.0/" xmlns:xsi="http://www.w3.org/2001/XMLSchema-instance" xsi:schemaLocation="http://www.openarchives.org/OAI/2.0/ http://www.openarchives.org/OAI/2.0/OAI-PMH.xsd"><responseDate>2026-04-14T17:50:10Z</responseDate><request verb="GetRecord" identifier="oai:uvadoc.uva.es:10324/77433" metadataPrefix="marc">https://uvadoc.uva.es/oai/request</request><GetRecord><record><header><identifier>oai:uvadoc.uva.es:10324/77433</identifier><datestamp>2025-09-03T19:02:46Z</datestamp><setSpec>com_10324_38</setSpec><setSpec>col_10324_852</setSpec></header><metadata><record xmlns="http://www.loc.gov/MARC21/slim" xmlns:doc="http://www.lyncode.com/xoai" xmlns:xsi="http://www.w3.org/2001/XMLSchema-instance" xmlns:dcterms="http://purl.org/dc/terms/" xsi:schemaLocation="http://www.loc.gov/MARC21/slim http://www.loc.gov/standards/marcxml/schema/MARC21slim.xsd">
<leader>00925njm 22002777a 4500</leader>
<datafield tag="042" ind1=" " ind2=" ">
<subfield code="a">dc</subfield>
</datafield>
<datafield tag="720" ind1=" " ind2=" ">
<subfield code="a">De la Cruz Romero, Sara</subfield>
<subfield code="e">author</subfield>
</datafield>
<datafield tag="260" ind1=" " ind2=" ">
<subfield code="c">2025</subfield>
</datafield>
<datafield tag="520" ind1=" " ind2=" ">
<subfield code="a">El presente Trabajo de Fin de Grado se centra en la gestión emocional dentro de un aula de &#xd;
Educación Infantil, una etapa clave en el crecimiento psicoemocional de los niños. Se analizará &#xd;
la importancia de la educación emocional en los primeros años de vida y cómo su incorporación &#xd;
en el entorno escolar favorece el bienestar, la convivencia y el aprendizaje significativo. A &#xd;
través de un marco teórico y una propuesta de intervención aplicada en el aula, se trabajarán &#xd;
las emociones de manera transversal, desarrollando habilidades como la empatía, la &#xd;
autorregulación y la expresión emocional. Esta propuesta pone de manifiesto la necesidad de &#xd;
integrar la gestión emocional en la práctica docente diaria, así como la importancia de formar &#xd;
al profesorado para actuar como modelo y guía durante el acompañamiento emocional del &#xd;
alumnado</subfield>
</datafield>
<datafield tag="024" ind2=" " ind1="8">
<subfield code="a">https://uvadoc.uva.es/handle/10324/77433</subfield>
</datafield>
<datafield tag="245" ind1="0" ind2="0">
<subfield code="a">Educar en emociones: Despertar, reconocer y gestionar emociones en la infancia</subfield>
</datafield>
</record></metadata></record></GetRecord></OAI-PMH>